Les 3 meilleurs défenseurs gauche par pays dans l'histoire - Statistiques

Statistiques générales
  • Ce quiz a été pris 109 fois
  • Le résultat moyen est 10 sur 24
Statistiques - réponses
Pays Club principal Joueurs % Correct
Portugal Paris Saint Germain Nuno Mendes
90%
France Bayern Munich Bixente Lizarazu
89%
Brésil Réal Madrid Marcelo
89%
France Manchester United Patrice Evra
89%
France FC Barcelone Eric Abidal
86%
Brésil Réal Madrid Roberto Carlos
86%
Espagne FC Barcelone Jordi Alba
80%
Angleterre FC Chelsea Ashley Cole
75%
Italie AC Milan Paolo Maldini
71%
Portugal Borussia Dortmund Raphaël Guerreiro
70%
Pays-Bas FC Barcelone Giovanni Van Bronckhorst
27%
Espagne Deportivo la Corogne Joan Capdevila
25%
Angleterre Everton FC Leighton Baines
25%
Italie Inter Milan Giacinto Facchetti
13%
Allemagne FC Kaiserslautern Andreas Brehme
9%
Allemagne Bayern Munich Paul Breitner
7%
Brésil Botafogo Nilton Santos
5%
Pays-Bas Ajax Amsterdam Ruud Krol
3%
Italie Juventus Turin Antonio Cabrini
2%
Portugal Sporting Portugal Augusto Inacio
2%
Angleterre FC Chelsea Graeme Le Saux
2%
Espagne Réal Madrid José Antonio Camacho
2%
Allemagne AC Milan Karl-Heinz Schnellinger
2%
Pays-Bas RSC Anderlecht Adri van Tiggelen
1%
Aucun quiz correspondant
Distribution des résultats
% des personnes avec chaque résultat
Percentile par nombre de réponses
Votre historique - résultats
Vous n’avez pas pris ce quiz